000 01076cam a22003377a 4500
001 17279687
003 JO-AjAnu
005 20240908131026.0
008 120430s2012 enk b 001 0 eng d
010 _a 2011410973
015 _aGBB1D1870
_2bnb
016 7 _a015969809
_2Uk
020 _a9781441193520 (pbk.)
020 _a1441193529 (pbk.)
035 _a(OCoLC)ocn761380960
040 _aUKMGB
_beng
_cUKMGB
_dOCLCO
_dYDXCP
_dG7G
_dOCLCF
_dDLC
_dJO-AjAnu
041 _aeng
_heng
042 _alccopycat
050 0 0 _aHV8073.5
_b.O455 2015
082 0 4 _a363.25
_223
100 1 _aOlsson, John,
_d1951-
245 1 0 _aWordcrime :
_bsolving crime through forensic linguistics /
_cJohn Olsson.
250 _aPbk. ed.
260 _aLondon :
_bContinuum,
_c2012.
300 _avi, 189 p. ;
_c22 cm.
504 _aIncludes bibliographical references and index.
650 0 _aForensic linguistics
_vCase studies.
906 _a7
_bcbc
_ccopycat
_d2
_encip
_f20
_gy-gencatlg
942 _2lcc
_cBK
_n0
999 _c33652
_d33652